Bedknobs and broomsticks /

An amateur witch, along with three precocious orphans, flies into one fantastic adventure after another aboard a bewitched bed to save the country from hostile invaders.

Bibliographic Details
Uniform Title:Bedknobs and broomsticks (Motion picture)
Other Authors: Walsh, Bill, 1958- (Screenwriter), DaGradi, Don (Screenwriter), Norton, Mary
Format: Video DVD
Language:English
French
Spanish
Language Notes:English, French or Spanish dialogue; Spanish, English or French subtitles; English subtitles for the deaf and hard of hearing.
Published: Burbank, CA : Disney, [2009]
Series:Disney DVD.
Subjects:

MARC

Tag First Indicator Second Indicator Subfields
LEADER 00000cgm a2200000Ii 4500
001 in00003441258
005 20151206102916.0
007 vd cvaizu
008 140725s2009 cau117 j vleng d
028 4 2 |a 8036250  |b Disney 
035 |a (OCoLC)ocn884596708 
035 |a (OCoLC)884596708 
037 |b Midwest Tape  |n http://www.midwesttapes.com 
040 |a TEFMT  |b eng  |e rda  |c TEFMT  |d TEF  |d TXA  |d UtOrBLW 
041 1 |a eng  |a fre  |a spa  |j eng  |j fre  |j spa  |h eng 
049 |a TXAM 
050 4 |a PN1997  |b .B43 2009 
082 0 4 |a 791.43/72 
090 |a PN1997  |b .B435 2009b 
130 0 |a Bedknobs and broomsticks (Motion picture) 
245 1 0 |a Bedknobs and broomsticks /  |c Walt Disney Pictures presents ; screenwriter by Bill Walsh and Don DaGradi ; produced by Bill Walsh ; directed by Robert Stevenson. 
264 1 |a Burbank, CA :  |b Disney,  |c [2009] 
264 2 |a Burbank, CA :  |b Buena Vista Home Entertainment, Inc. 
300 |a 1 videodisc (approximately 117 min.) :  |b DVD video, sound, color ;  |c 4 3/4 in. 
336 |a two-dimensional moving image  |b tdi  |2 rdacontent 
337 |a video  |b v  |2 rdamedia 
338 |a videodisc  |b vd  |2 rdacarrier 
344 |a digital  |b optical  |h Dolby Digital  |2 rda 
347 |a video file  |b DVD video  |e region 1  |2 rda 
490 1 |a Disney DVD 
538 |a DVD, region 1, NTSC, widescreen; Dolby Digital. 
500 |a Title from container. 
546 |a English, French or Spanish dialogue; Spanish, English or French subtitles; English subtitles for the deaf and hard of hearing. 
511 0 |a Voices, Angela Lansbury, David Tomlinson, Roddy McDowall, Sam Jaffe, John Ericson. 
508 |a Music and lyrics, Richard M. Sherman, Robert B. Sherman. 
500 |a Originally released as a motion picture in 1971. 
500 |a Based on the book by Mary Norton. 
521 8 |a Rating: G; CHV rating: G. 
520 |a An amateur witch, along with three precocious orphans, flies into one fantastic adventure after another aboard a bewitched bed to save the country from hostile invaders. 
500 |a features: Music magic: the Sherman Brothers: behind-the-scenes featurette, the Sherman Brothers songwriting team, Angela Lansbury and Scott MacQueen share stores on the making of the film; Five enchanting deleted and extended songs: including deleted song "A step in the right direction"; Eight magical deleted and extended scenes. 
650 0 |a Witches  |v Juvenile films. 
650 0 |a Orphans  |v Juvenile films. 
650 1 |a Witches  |v Drama. 
650 1 |a Orphans  |v Drama. 
655 7 |a Children's films.  |2 lcgft 
655 7 |a Musical films.  |2 lcgft 
655 7 |a Fantasy films.  |2 lcgft 
655 7 |a Film adaptations.  |2 lcgft 
655 7 |a Feature films.  |2 lcgft 
655 7 |a Fiction films.  |2 lcgft 
655 7 |a Video recordings for the hearing impaired.  |2 lcgft 
700 1 |a Walsh, Bill,  |d 1958-  |e screenwriter,  |e film producer. 
700 1 |a DaGradi, Don,  |e screenwriter. 
700 1 |a Stevenson, Robert,  |d 1905-1986,  |e film director. 
700 1 |a Lansbury, Angela,  |d 1925-  |e voice actor. 
700 1 |a Tomlinson, David,  |d 1917-2000,  |e voice actor. 
700 1 |a McDowall, Roddy,  |e voice actor. 
700 1 |a Jaffe, Sam,  |d 1891-1984,  |e voice actor. 
700 1 |a Ericson, John,  |d 1927-  |e voice actor. 
700 1 |i Motion picture adaptation of (work):  |a Norton, Mary.  |t Bedknobs and broomsticks. 
710 2 |a Walt Disney Pictures,  |e production company,  |e publisher. 
710 2 |a Buena Vista Home Entertainment (Firm),  |e film distributor. 
830 0 |a Disney DVD. 
994 |a C0  |b TXA 
948 |a cataloged  |b h  |c 2014/8/15  |d c  |e blrosas  |f 9:19:11 am 
999 |a MARS 
999 f f |s 36f704f7-4f97-3cbd-97f7-00621d5b2f43  |i cf82233d-8caa-34f7-8624-c2f1fb20e3da  |t 0 
952 f f |p dvd  |a Texas A&M University  |b College Station  |c Sterling C. Evans Library  |d Evans: Media and Reserves (Annex 1st floor)  |t 0  |e PN1997 .B435 2009b  |h Library of Congress classification  |i video -- videodisc  |m A14842733793 
998 f f |a PN1997 .B435 2009b  |t 0  |l Evans: Media and Reserves (Annex 1st floor)